| 000 | 02499nam a2200265Ia 4500 | ||
|---|---|---|---|
| 003 | Ost | ||
| 005 | 20260507075608.0 | ||
| 008 | 260507s9999||||xx |||||||||||||| ||und|| | ||
| 020 | _a9789957383268 | ||
| 040 | _cfsecg | ||
| 041 | _aara | ||
| 082 | _a330.07 | ||
| 100 |
_aالسيد، معين أمين _eمؤلف |
||
| 245 | 0 |
_aمحاضرات في مقاييس مدخل للإقتصاد، مدخل لإدارة الأعمال، تاريخ الوقائع الإقتصادية، تكنولوجيا المعلومات في المؤسسة، إدارة المعرفة / _c معين أمين السيد |
|
| 246 | _aEconomy business managment : Inovation workshop leadership | ||
| 260 |
_aالجزائر: _bجامعة الجزائر3: كلية العلوم الإقتصادية، العلوم التجارية وعلوم التسيير, _c2018 |
||
| 300 |
_a640 صفحة؛ _bإيضاحات ؛ _c24 سم |
||
| 520 | _aتناول هذا الكتاب خمس أبواب كل باب تضمن فصول: الباب الأول: مدخل للاقتصاد ويتضمن المشكلة الاقتصادية, تعريف علم الاقتصاد, علاقة علم الاقتصاد بالعلوم الأخرى, فروع علم الاقتصاد, الاقتصاد المعرفي, البطالة، الاستثمار، التضخم، السوق، التبادل التجاري، السياسات التجارية أما الباب الثاني فتضمن مصر الفرعونية، العصور القديمة، العصور الوسطى، الافكار الرأسمالية والاشتراكية، صندوق النقد الدولي، البنك الدولي للانشاء والتعمير، التكتلات الاقتصادية، منظمة التجارة العالمية،العولمة، فيما يخض الباب الثالث فتمثل في مدخل لادارة الاعمال، علم الادارة وتطور الفكر الاداري والباب الرابع تكنولوجيا المعلومات في المؤسسة،الاطار العلمي والأكاديمي تكنولوجيا المعلومات والاتصال في المنظمة ، اما عن الباب السادس الذي فقد جاء فيه ادارة المعرفة | ||
| 653 | _aإدارة الأعمال | ||
| 653 | _aإدارة المعرفة | ||
| 653 | _aالإقتصاد | ||
| 653 | _aالوقائع الاقتصادية - تاريخ | ||
| 700 |
_aالسيد، أمين _eمؤلف ثانوي |
||
| 942 | _cكتاب | ||
| 999 |
_c45056 _d45056 |
||